Pays qui ne fêtent pas Noël - Statistiques

Statistiques générales
  • Ce quiz a été pris 1 209 fois
  • Le résultat moyen est 19 sur 31
Statistiques - réponses
Pays % Correct
Algérie
88%
Maroc
87%
Arabie saoudite
86%
Iran
81%
Tunisie
81%
Chine
80%
Afghanistan
74%
Qatar
73%
Yémen
73%
Turquie
72%
Émirats arabes unis
71%
Japon
71%
Corée du Nord
69%
Libye
68%
Oman
68%
Israël
63%
Koweït
57%
Turkménistan
57%
Ouzbékistan
56%
Bahreïn
54%
Azerbaïdjan
51%
Mongolie
51%
Mauritanie
50%
Tadjikistan
50%
Thaïlande
49%
Laos
44%
Somalie
43%
Cambodge
42%
Bhoutan
41%
Maldives
28%
Comores
27%
Aucun quiz correspondant
Distribution des résultats
% des personnes avec chaque résultat
Percentile par nombre de réponses
Votre historique - résultats
Vous n’avez pas pris ce quiz